World compendium of forestry and forest products research institutions .

Bibliographic Details
Main Author: HILMI
Corporate Author: Food and Agriculture Organization of the United Nations (FAO)
Format: Book
Published: Rome : Food and Agriculture Organization of the United Nations , 1986
Series:FAO forestry paper ; 71
Subjects:

MARC

LEADER 00000cam a2200000 7i4500
001 0000000981
005 20140321.0
020 0 0 |a 9250024312 
090 0 0 |a FAO634.9072   |b HIL 1986 
100 1 0 |a HILMI   |h H. A. 
245 1 0 |a World compendium of forestry and forest products research institutions .   |l Repertoire mondial des institutions de recherche sur les forets et les produits forestiers .   |l Repertorio mundial de instituciones de investigacion sobre bosques y productos forestales   |c by H.A. Hilmi 
260 0 0 |a Rome :   |b Food and Agriculture Organization of the United Nations ,   |c 1986 
300 |a ix, 613 p. ;   |c 30 cm. 
440 0 0 |a FAO forestry paper ; 71 
650 0 0 |a Forest products   |x Research   |x Directories 
650 0 0 |a Forests and forestry   |x Research   |x Directories 
710 1 1 |a Food and Agriculture Organization of the United Nations (FAO) 
998 |a JPSM 
999 |a 0000002135   |b Monograph   |c Food and Agriculture Organization   |e Default branch 
999 |a 0000002136   |b Monograph   |c Food and Agriculture Organization   |e Default branch